| 000 | 00554nam a2200229Ia 4500 | ||
|---|---|---|---|
| 003 | OSt | ||
| 005 | 20250717164503.0 | ||
| 008 | 210210b2013 xxu||||| |||| 00| 0 eng d | ||
| 040 | _cAL | ||
| 041 | _aeng | ||
| 082 | _a330 SHIP | ||
| 100 |
_aB Prabhakara Shishila _9219288 |
||
| 245 | _aPrinciples of economics | ||
| 260 |
_aMangalore _bUnited Publishers _c2013 |
||
| 300 | _a216p | ||
| 650 |
_aPrinciples _9219289 |
||
| 650 |
_aof _9219290 |
||
| 650 |
_aeconomics _9219291 |
||
| 690 |
_aEconomics _9219292 |
||
| 906 | _a068766 | ||
| 942 |
_2ddc _cBK |
||
| 999 |
_c152902 _d152902 |
||